000 00321nam a2200133Ia 4500
005 20251222155124.0
008 251222s9999||||xx |||||||||||||| ||spa||
082 _aETI.158
100 _aHosp.María Auxiliadora.
245 0 _aI Curso internacional de bioética
250 _a1ra. ed.
264 _bMinsa
942 _cLIB
999 _c38563
_d38563